000 00787nam a2200241Ia 4500
003 GCL
008 140319s9999 xx 000 0 ara d
040 _aGCL /
_cGCL
082 0 4 _a621.38
_bف ت
100 1 _aفاروق سيد حسين
245 1 0 _aالاختبارات الالكترونية /
_cفاروق سيد حسين
260 _a[S.N] :
_bدار الراتب الجامعية
300 _a143 ص
490 _aسلسلة تكنولوجيا الالكترونيات الحديثة
_v0
650 0 4 _aالكهرباء
650 0 4 _aالاختبارات
650 0 4 _aالاتصالات العسكرية
650 0 4 _aاجهزة القياس
650 0 4 _aشبكات
650 0 4 _aالانسان الالى
650 0 4 _aالالكترونيات
942 _2ddc
_cBK
999 _c30709
_d30709